[Event "American op 50th"]
[Site "Orange"]
[Date "2014.11.28"]
[Round "3"]
[White "Peters, Jack"]
[Black "Akopyan, Harutyun"]
[Result "1-0"]
[WhiteElo "2356"]
[BlackElo "2247"]
[PlyCount "73"]
[EventDate "2014.11.27"]
[EventType "swiss"]
[EventRounds "8"]
[EventCountry "USA"]
[SourceTitle "CBM 163 Extra"]
[Source "ChessBase"]
[SourceDate "2014.12.23"]
[SourceVersion "1"]
[SourceVersionDate "2014.12.23"]
[SourceQuality "1"]

1. e4 e5 2. Nf3 Nc6 3. Bb5 a6 4. Ba4 Nf6 5. 0-0 Be7 6. Re1 b5 7. Bb3 d6 8. c3 0-0 9. h3 Nd7 10. d4 Bf6 11. a4 Bb7 12. Na3 exd4 13. cxd4 Re8 14. Bc2 Nb4 15. Bf4 Nf8 16. Rc1 Ne6 17. Be3 c5 18. Bb1 Nf8 19. e5 dxe5 20. dxe5 Bxe5 21. Qxd8 Raxd8 22. Nxe5 Rxe5 23. Bxc5 Nc6 24. axb5 axb5 25. Rxe5 Nxe5 26. Nxb5 Nd3 27. Rd1 Be4 28. Ba3 Ne6 29. Nc3 Bf5 30. f3 Rd4 31. Ne2 Rd8 32. Kh2 Bg6 33. Kg3 h5 34. h4 Kh7 35. Kh2 Bf5 36. Nc1 Nef4 37. g3 1-0

[Event "Los Angeles op 10th"]
[Site "Los Angeles"]
[Date "2013.10.12"]
[Round "3"]
[White "Kretchetov, Alexandre"]
[Black "Akopyan, Harutyun"]
[Result "1-0"]
[WhiteElo "2313"]
[BlackElo "2231"]
[PlyCount "65"]
[EventDate "2013.10.11"]
[EventType "swiss"]
[EventRounds "5"]
[EventCountry "USA"]
[SourceTitle "EXT 2015"]
[Source "ChessBase"]
[SourceDate "2014.11.20"]
[SourceVersion "1"]
[SourceVersionDate "2014.11.20"]
[SourceQuality "1"]

1. d4 Nf6 2. Bg5 e6 3. e4 h6 4. Bxf6 Qxf6 5. c3 d6 6. Bd3 e5 7. Ne2 Nc6 8. 0-0 Qd8 9. f4 Be7 10. Nd2 0-0 11. Nf3 Bf6 12. b3 exf4 13. Nxf4 Bg5 14. Nh5 Kh8 15. Qe2 g6 16. Nxg5 Qxg5 17. Nf4 Bd7 18. Rae1 Rae8 19. Qf2 h5 20. Nd5 Bh3 21. Nxc7 Rc8 22. Nb5 f5 23. exf5 Bxf5 24. Qe2 Rcd8 25. Bxf5 Rxf5 26. Rxf5 Qxf5 27. Rf1 Qd7 28. Rf6 Re8 29. Qf3 Kg7 30. Nxd6 Re1+ 31. Kf2 Re7 32. Qf4 Nd8 33. Qg5 1-0

[Event "Pacific Coast op 18th"]
[Site "Agoura Hills"]
[Date "2013.07.19"]
[Round "1.6"]
[White "Akopyan, Harutyun"]
[Black "Homidan, Jonathan"]
[Result "0-1"]
[WhiteElo "2296"]
[BlackElo "2279"]
[PlyCount "90"]
[EventDate "2013.07.18"]
[EventType "swiss"]
[EventRounds "6"]
[EventCountry "USA"]
[SourceTitle "EXT 2024"]
[Source "ChessBase"]
[SourceDate "2023.10.10"]
[SourceVersion "1"]
[SourceVersionDate "2023.10.10"]
[SourceQuality "1"]

1. e4 e6 2. d3 d5 3. Qe2 Nf6 4. Nf3 c5 5. g3 Be7 6. Bg2 Nc6 7. 0-0 0-0 8. e5 Nd7 9. c4 a6 10. Nc3 Nd4 11. Nxd4 cxd4 12. cxd5 dxc3 13. d6 cxb2 14. dxe7 bxa1Q 15. exd8Q Rxd8 16. Bg5 Qxe5 17. Qxe5 Nxe5 18. Bxd8 Bd7 19. Bc7 Nxd3 20. Rd1 Bb5 21. Bxb7 Re8 22. Bc6 Bxc6 23. Rxd3 Bd5 24. a3 f6 25. f4 h6 26. h4 h5 27. Kf2 Kf7 28. f5 Rc8 29. fxe6+ Kxe6 30. Rc3 g5 31. Ba5 Rb8 32. Bb4 gxh4 33. gxh4 f5 34. Rg3 Rc8 35. Rg5 f4 36. Ba5 Rc2+ 37. Kg1 f3 38. Bb6 a5 39. Bd4 a4 40. Bb6 Rc3 41. Kf2 Rxa3 42. Rxh5 Ra2+ 43. Kf1 a3 44. Rg5 Rd2 45. Ba5 Bc4+ 0-1

[Event "Southern California-chB"]
[Site "Monterey Park"]
[Date "2013.06.01"]
[Round "1"]
[White "Yurenok, Sergey"]
[Black "Akopyan, Harutyun"]
[Result "1-0"]
[WhiteElo "2115"]
[BlackElo "2238"]
[PlyCount "97"]
[EventDate "2013.06.01"]
[EventType "swiss"]
[EventRounds "4"]
[EventCountry "USA"]
[SourceTitle "EXT 2014"]
[Source "ChessBase"]
[SourceDate "2013.11.20"]
[SourceVersion "1"]
[SourceVersionDate "2013.11.20"]
[SourceQuality "1"]

1. d4 Nf6 2. Nf3 e6 3. Bg5 h6 4. Bh4 b6 5. e3 Bb7 6. Nbd2 g5 7. Bg3 d6 8. h3 Ne4 9. Nxe4 Bxe4 10. Bd3 Bb7 11. c3 f5 12. Qb3 Qf6 13. Bb5+ Ke7 14. Be2 Nd7 15. 0-0-0 Bg7 16. Ne1 a5 17. f4 a4 18. Qc2 Bd5 19. c4 Be4 20. Bd3 d5 21. Bxe4 dxe4 22. fxg5 hxg5 23. Bxc7 Rhc8 24. Bh2 Rc6 25. Kb1 a3 26. Qb3 axb2 27. Nc2 Rac8 28. Na3 Kf7 29. Qxb2 Kg6 30. g4 Qe7 31. gxf5+ exf5 32. Rhf1 Ra8 33. Qb5 Rf6 34. Nc2 Ra5 35. Qb4 Qe8 36. Rf2 Bf8 37. Qb3 Nb8 38. Be5 Re6 39. Rdf1 Raxe5 40. dxe5 Rxe5 41. Qxb6+ Re6 42. Qb5 Nd7 43. Qxf5+ Kh6 44. h4 Rb6+ 45. Kc1 gxh4 46. Qf4+ Kh5 47. Rg2 Qe7 48. Qg4+ Kh6 49. Rf5 1-0

[Event "Los Angeles Metropolitan 25th"]
[Site "Los Angeles"]
[Date "2013.03.22"]
[Round "6"]
[White "Kalantaryan, Norayr"]
[Black "Akopyan, Harutyun"]
[Result "1/2-1/2"]
[WhiteElo "2412"]
[BlackElo "2211"]
[PlyCount "41"]
[EventDate "2013.03.20"]
[EventType "tourn"]
[EventRounds "10"]
[EventCountry "USA"]
[EventCategory "3"]
[SourceTitle "CBM 153 Extra"]
[Source "ChessBase"]
[SourceDate "2013.04.22"]
[SourceVersion "1"]
[SourceVersionDate "2013.04.22"]
[SourceQuality "1"]

1. d4 Nf6 2. c4 e6 3. Nf3 b6 4. a3 Ba6 5. e3 c6 6. Be2 d5 7. cxd5 Bxe2 8. Qxe2 cxd5 9. 0-0 Be7 10. Nc3 0-0 11. e4 dxe4 12. Nxe4 Nxe4 13. Qxe4 Qd5 14. Qxd5 exd5 15. Be3 Nd7 16. Rfc1 Rac8 17. Rxc8 Rxc8 18. Rc1 Rxc1+ 19. Bxc1 Kf8 20. Kf1 Bf6 21. Be3 1/2-1/2

[Event "Los Angeles Metropolitan 25th"]
[Site "Los Angeles"]
[Date "2013.03.20"]
[Round "1"]
[White "Akopyan, Harutyun"]
[Black "Kalantaryan, Norayr"]
[Result "1/2-1/2"]
[WhiteElo "2211"]
[BlackElo "2412"]
[PlyCount "41"]
[EventDate "2013.03.20"]
[EventType "tourn"]
[EventRounds "10"]
[EventCountry "USA"]
[EventCategory "3"]
[SourceTitle "CBM 153 Extra"]
[Source "ChessBase"]
[SourceDate "2013.04.22"]
[SourceVersion "1"]
[SourceVersionDate "2013.04.22"]
[SourceQuality "1"]

1. e4 e5 2. Nf3 Nc6 3. Nc3 Nf6 4. d4 exd4 5. Nxd4 d6 6. Nxc6 bxc6 7. Be2 Be7 8. 0-0 0-0 9. Be3 d5 10. exd5 cxd5 11. Bd4 c6 12. Re1 Re8 13. Bxf6 Bxf6 14. Bd3 Rxe1+ 15. Qxe1 Be6 16. Rd1 Qa5 17. a3 Bxc3 18. Qxc3 Qxc3 19. bxc3 Rb8 20. Kf1 Kf8 21. Ra1 1/2-1/2

[Event "Western Class-ch 20th"]
[Site "Agoura Hills"]
[Date "2013.03.10"]
[Round "5"]
[White "Kaidanov, Gregory S"]
[Black "Akopyan, Harutyun"]
[Result "1/2-1/2"]
[WhiteElo "2598"]
[BlackElo "2211"]
[PlyCount "46"]
[EventDate "2013.03.08"]
[EventType "swiss"]
[EventRounds "5"]
[EventCountry "USA"]
[SourceTitle "EXT 2014"]
[Source "ChessBase"]
[SourceDate "2013.11.20"]
[SourceVersion "1"]
[SourceVersionDate "2013.11.20"]
[SourceQuality "1"]

1. e4 e5 2. Nf3 Nc6 3. Bc4 Bc5 4. c3 Nf6 5. d3 d6 6. Bb3 Bb6 7. 0-0 0-0 8. h3 Ne7 9. Re1 Ng6 10. d4 h6 11. Nbd2 Nh7 12. Nf1 Qf6 13. Ne3 Nf4 14. Nd5 Nxd5 15. exd5 exd4 16. Nxd4 Bd7 17. Be3 Rfe8 18. a4 a5 19. Bc2 Nf8 20. Qd3 Re5 21. Nf3 Bf5 22. Qd2 Bxe3 23. fxe3 Re7 1/2-1/2

[Event "San Diego Recession Buster op"]
[Site "San Diego"]
[Date "2012.02.19"]
[Round "4"]
[White "Peters, Jack"]
[Black "Akopyan, Harutyun"]
[Result "1-0"]
[WhiteElo "2354"]
[BlackElo "2279"]
[PlyCount "61"]
[EventDate "2012.02.18"]
[EventType "swiss"]
[EventRounds "6"]
[EventCountry "USA"]
[SourceTitle "EXT 2013"]
[Source "ChessBase"]
[SourceDate "2012.11.22"]
[SourceVersion "1"]
[SourceVersionDate "2012.11.22"]
[SourceQuality "1"]

1. e4 e5 2. Nf3 Nc6 3. Bb5 a6 4. Bxc6 dxc6 5. 0-0 Bg4 6. h3 Bh5 7. g4 Bg6 8. Nxe5 Qh4 9. Qf3 f6 10. Nxg6 hxg6 11. Kg2 g5 12. d4 Ne7 13. Rh1 Qh7 14. Kf1 0-0-0 15. Be3 Qg8 16. Nd2 Qe6 17. b3 Rh4 18. Re1 g6 19. e5 f5 20. Bxg5 fxg4 21. Qf6 Qd5 22. Re4 Rh7 23. c4 Qd7 24. e6 Qd6 25. Rxg4 Re8 26. Ne4 Qa3 27. Rh4 Rxh4 28. Qf7 Rd8 29. Bxh4 Qxa2 30. Kg2 Qc2 31. Re1 1-0

[Event "Los Angeles Metropolitan 15th"]
[Site "Los Angeles"]
[Date "2012.01.29"]
[Round "9"]
[White "Akopyan, Harutyun"]
[Black "Matikozian, Andranik"]
[Result "1/2-1/2"]
[WhiteElo "2279"]
[BlackElo "2414"]
[PlyCount "41"]
[EventDate "2012.01.25"]
[EventType "tourn"]
[EventRounds "9"]
[EventCountry "USA"]
[EventCategory "2"]
[SourceTitle "CBM 146 Extra"]
[Source "ChessBase"]
[SourceDate "2012.02.29"]
[SourceVersion "1"]
[SourceVersionDate "2012.02.29"]
[SourceQuality "1"]

1. e4 e6 2. d4 d5 3. e5 c5 4. c3 Nc6 5. Nf3 Qb6 6. a3 c4 7. Nbd2 Bd7 8. Be2 Nge7 9. 0-0 Nf5 10. Re1 Be7 11. Qc2 Na5 12. Bd1 h5 13. Rb1 Rc8 14. Nf1 Qd8 15. Ne3 Nxe3 16. Bxe3 Bc6 17. Nd2 Qd7 18. Qc1 Ba4 19. Bxa4 Qxa4 20. Qd1 Qxd1 21. Rexd1 1/2-1/2

[Event "Los Angeles Metropolitan 15th"]
[Site "Los Angeles"]
[Date "2012.01.28"]
[Round "7"]
[White "Akopyan, Harutyun"]
[Black "Clawitter, Craig"]
[Result "1/2-1/2"]
[WhiteElo "2279"]
[BlackElo "2082"]
[PlyCount "45"]
[EventDate "2012.01.25"]
[EventType "tourn"]
[EventRounds "9"]
[EventCountry "USA"]
[EventCategory "2"]
[SourceTitle "CBM 146 Extra"]
[Source "ChessBase"]
[SourceDate "2012.02.29"]
[SourceVersion "1"]
[SourceVersionDate "2012.02.29"]
[SourceQuality "1"]

1. e4 e6 2. d4 d5 3. e5 c5 4. c3 Qb6 5. Nf3 Nc6 6. a3 Nh6 7. b4 cxd4 8. Bxh6 gxh6 9. cxd4 Bd7 10. Ra2 Rc8 11. Rc2 Bg7 12. Bd3 0-0 13. Nc3 Ne7 14. Qd2 Kh8 15. 0-0 Be8 16. Rfc1 f6 17. exf6 Rxf6 18. Ne2 Rxc2 19. Qxc2 Ng6 20. h4 e5 21. h5 e4 22. hxg6 Rc6 23. Nc3 1/2-1/2

[Event "Los Angeles Metropolitan 15th"]
[Site "Los Angeles"]
[Date "2012.01.25"]
[Round "1"]
[White "Kavutskiy, Konstantin"]
[Black "Akopyan, Harutyun"]
[Result "1/2-1/2"]
[WhiteElo "2315"]
[BlackElo "2279"]
[PlyCount "177"]
[EventDate "2012.01.25"]
[EventType "tourn"]
[EventRounds "9"]
[EventCountry "USA"]
[EventCategory "2"]
[SourceTitle "CBM 146 Extra"]
[Source "ChessBase"]
[SourceDate "2012.02.29"]
[SourceVersion "1"]
[SourceVersionDate "2012.02.29"]
[SourceQuality "1"]

1. d4 Nf6 2. c4 e6 3. Nf3 b6 4. g3 Ba6 5. Nbd2 c5 6. Bg2 Bb7 7. dxc5 bxc5 8. 0-0 Be7 9. b3 0-0 10. Qc2 d5 11. cxd5 exd5 12. Bb2 Qb6 13. Ng5 Nbd7 14. e4 h6 15. Nh3 dxe4 16. Nxe4 Nd5 17. Rfe1 Qg6 18. Rad1 N7b6 19. f4 Nb4 20. Qf2 Qh5 21. a3 Bxe4 22. Bxe4 Rad8 23. Rxd8 Rxd8 24. axb4 Qxh3 25. Bg2 Qd7 26. bxc5 Rc8 27. Rxe7 Qxe7 28. cxb6 axb6 29. h3 Qb4 30. Kh2 Re8 31. Qd4 Qxd4 32. Bxd4 Rd8 33. Bxb6 Rb8 34. Bf2 Rxb3 35. Be4 g6 36. g4 Rb4 37. Bg2 Rxf4 38. Be3 Ra4 39. Bxh6 f5 40. Bd5+ Kh7 41. g5 Rd4 42. Bf3 Kg8 43. Kg3 Kf7 44. h4 Rd3 45. Kf4 Rd4+ 46. Ke5 Rxh4 47. Bd5+ Ke7 48. Bg7 Ra4 49. Bf6+ Kf8 50. Bd8 Kg7 51. Bb6 Rg4 52. Be3 Rg3 53. Bf4 Ra3 54. Ke6 Ra6+ 55. Ke7 Ra7+ 56. Ke8 Ra5 57. Bc6 Rc5 58. Bd7 Ra5 59. Ke7 Rc5 60. Ke6 Ra5 61. Be5+ Kh7 62. Bc8 Rc5 63. Bb7 Rb5 64. Bd5 Rb6+ 65. Kd7 Rb5 66. Kc6 Rb4 67. Bc3 Rg4 68. Bf6 Ra4 69. Kd7 Ra5 70. Bc6 Rc5 71. Bf3 Rb5 72. Ke7 Rb3 73. Bd5 Rb8 74. Kf7 Rb5 75. Bg2 Rb8 76. Be7 Rb5 77. Bf1 Ra5 78. Bc4 Ra4 79. Bb3 Ra6 80. Bd1 Ra5 81. Bf3 Rb5 82. Bd6 Rb6 83. Ke7 Rb5 84. Kf8 Rb6 85. Bc7 Rb5 86. Be2 Rc5 87. Bd6 Rc6 88. Be7 Rc2 89. Bd3 1/2-1/2

[Event "Los Angeles Metropolitan 14th"]
[Site "Los Angeles"]
[Date "2011.12.10"]
[Round "7"]
[White "Kavutskiy, Konstantin"]
[Black "Akopyan, Harutyun"]
[Result "1-0"]
[WhiteElo "2303"]
[BlackElo "2233"]
[PlyCount "101"]
[EventDate "2011.12.07"]
[EventType "tourn"]
[EventRounds "9"]
[EventCountry "USA"]
[EventCategory "2"]
[SourceTitle "CBM 146 Extra"]
[Source "ChessBase"]
[SourceDate "2012.02.29"]
[SourceVersion "1"]
[SourceVersionDate "2012.02.29"]
[SourceQuality "1"]

1. d4 Nf6 2. c4 e6 3. g3 d5 4. Nf3 Be7 5. Bg2 0-0 6. 0-0 dxc4 7. Qc2 a6 8. a4 Bd7 9. Qxc4 Bc6 10. Bg5 Bd5 11. Qd3 c5 12. Nc3 Bc6 13. Rfd1 Qa5 14. Bd2 cxd4 15. Nb5 Qb6 16. Nbxd4 Be4 17. Qe3 Nbd7 18. Bc3 Bc5 19. a5 Qc7 20. Qd2 Rad8 21. Rac1 Qb8 22. b4 Be7 23. Ng5 Bxg2 24. Kxg2 Ne5 25. f4 Nc6 26. Nxc6 bxc6 27. Qc2 g6 28. e4 Qb5 29. h3 Nh5 30. Nf3 Rxd1 31. Rxd1 Bxb4 32. Ba1 Be7 33. Ne5 c5 34. Ng4 Rb8 35. Be5 Rb7 36. Qd2 f6 37. Bc3 Qc4 38. Kf3 Qb3 39. Ne3 Rb8 40. Qd7 Rb7 41. Qe8+ Kg7 42. Rd7 Rxd7 43. Qxd7 Kf7 44. Qd3 Qb7 45. g4 Ng7 46. Kg3 h5 47. Nc4 Qb5 48. Ne5+ fxe5 49. Qxb5 exf4+ 50. Kf3 axb5 51. a6 1-0

[Event "Los Angeles Metropolitan 14th"]
[Site "Los Angeles"]
[Date "2011.12.08"]
[Round "3"]
[White "Abrahamyan, Tatev"]
[Black "Akopyan, Harutyun"]
[Result "1-0"]
[WhiteElo "2264"]
[BlackElo "2233"]
[PlyCount "69"]
[EventDate "2011.12.07"]
[EventType "tourn"]
[EventRounds "9"]
[EventCountry "USA"]
[EventCategory "2"]
[SourceTitle "CBM 146 Extra"]
[Source "ChessBase"]
[SourceDate "2012.02.29"]
[SourceVersion "1"]
[SourceVersionDate "2012.02.29"]
[SourceQuality "1"]

1. e4 e5 2. Nf3 Nc6 3. Bc4 Bc5 4. 0-0 Nf6 5. d3 d6 6. c3 a6 7. Bb3 Ba7 8. Nbd2 0-0 9. h3 h6 10. Re1 Re8 11. Nf1 Be6 12. Bc2 Qd7 13. N3h2 d5 14. Qf3 Nh7 15. Ng3 Ne7 16. Ng4 Ng6 17. Nh5 f5 18. exf5 Bxf5 19. Be3 Bxg4 20. Qxg4 Qxg4 21. hxg4 Bxe3 22. Rxe3 Ng5 23. d4 e4 24. f3 Nh4 25. fxe4 dxe4 26. Rae1 Kf7 27. Ng3 Ngf3+ 28. gxf3 Nxf3+ 29. Rxf3+ exf3 30. Rf1 Re3 31. Be4 Re8 32. Bxb7 Rb8 33. Bd5+ Kf6 34. Rf2 Kg5 35. Bxf3 1-0

[Event "Los Angeles Metropolitan 12th"]
[Site "Los Angeles"]
[Date "2011.11.11"]
[Round "5"]
[White "Amanov, Zhanibek"]
[Black "Akopyan, Harutyun"]
[Result "1-0"]
[WhiteElo "2411"]
[BlackElo "2233"]
[PlyCount "67"]
[EventDate "2011.11.09"]
[EventType "tourn"]
[EventRounds "9"]
[EventCountry "USA"]
[EventCategory "2"]
[SourceTitle "EXT 2012"]
[Source "ChessBase"]
[SourceDate "2011.11.24"]
[SourceVersion "1"]
[SourceVersionDate "2011.11.24"]
[SourceQuality "1"]

1. c4 Nf6 2. Nf3 e6 3. Nc3 b6 4. e4 Bb7 5. Bd3 d6 6. Bc2 c5 7. d4 cxd4 8. Nxd4 Nbd7 9. 0-0 Be7 10. b3 0-0 11. Bb2 a6 12. Qe2 Qc7 13. f4 Rfe8 14. Rae1 Rad8 15. Nf3 g6 16. Ng5 Nh5 17. Nxf7 Kxf7 18. f5 exf5 19. exf5 Bf6 20. fxg6+ hxg6 21. Qg4 Qc5+ 22. Kh1 Nf8 23. Be4 Qd4 24. Bd5+ Kg7 25. Qxd4 Bxd4 26. Bxb7 Ng3+ 27. hxg3 Ne6 28. Re4 Rh8+ 29. Rh4 g5 30. Rh3 g4 31. Rh4 Nc5 32. Rf4 Bf6 33. Rfxg4+ Kf7 34. Bd5+ 1-0

[Event "Los Angeles Metropolitan 12th"]
[Site "Los Angeles"]
[Date "2011.11.10"]
[Round "3"]
[White "Kavutskiy, Konstantin"]
[Black "Akopyan, Harutyun"]
[Result "1/2-1/2"]
[WhiteElo "2303"]
[BlackElo "2233"]
[PlyCount "131"]
[EventDate "2011.11.09"]
[EventType "tourn"]
[EventRounds "9"]
[EventCountry "USA"]
[EventCategory "2"]
[SourceTitle "EXT 2012"]
[Source "ChessBase"]
[SourceDate "2011.11.24"]
[SourceVersion "1"]
[SourceVersionDate "2011.11.24"]
[SourceQuality "1"]

1. d4 Nf6 2. c4 e6 3. g3 d5 4. Nf3 Be7 5. Bg2 0-0 6. 0-0 dxc4 7. Qa4 a6 8. Qxc4 b5 9. Qc2 Bb7 10. Bd2 Be4 11. Qc1 Bb7 12. Bf4 Nd5 13. Nc3 Nxf4 14. Qxf4 c5 15. dxc5 Bxc5 16. Ne4 Bxe4 17. Qxe4 Ra7 18. Rac1 Rc7 19. Ne5 Qe7 20. Rfd1 Rfc8 21. Rc3 f5 22. Qd3 Qf6 23. Nf3 b4 24. Rb3 Re8 25. e3 g5 26. Qe2 Kg7 27. Rbd3 Ree7 28. R3d2 h6 29. Ne1 Re8 30. e4 Rec8 31. Nd3 Bf8 32. e5 Qf7 33. b3 Rd7 34. Nb2 Rcd8 35. Nc4 Rxd2 36. Rxd2 Rxd2 37. Qxd2 Qd7 38. Nd6 a5 39. Qd4 Be7 40. Qb6 Qd8 41. Qa7 Nd7 42. Nc4 Kg6 43. h3 Bc5 44. Qa6 Nf8 45. Nd6 Qb6 46. Qxb6 Bxb6 47. Bc6 f4 48. Kg2 fxg3 49. fxg3 g4 50. Be8+ Kg7 51. hxg4 Nh7 52. Kf3 Ng5+ 53. Ke2 Kf8 54. Bh5 Bc7 55. Kd3 Nf3 56. Ke4 Nxe5 57. Kxe5 Ke7 58. Bg6 Bxd6+ 59. Ke4 Bxg3 60. Kf3 Bh2 61. Bd3 Kd6 62. Ke4 Bg1 63. Bc4 e5 64. Bd5 Bd4 65. Bc4 Kc5 66. Be6 1/2-1/2

[Event "Los Angeles Metropolitan op 1st"]
[Site "Los Angeles"]
[Date "2011.08.20"]
[Round "6"]
[White "Tayar, Jonathan"]
[Black "Akopyan, Harutyun"]
[Result "1/2-1/2"]
[WhiteElo "2335"]
[BlackElo "2213"]
[PlyCount "90"]
[EventDate "2011.08.17"]
[EventType "swiss"]
[EventRounds "9"]
[EventCountry "USA"]
[SourceTitle "CBM 144 Extra"]
[Source "ChessBase"]
[SourceDate "2011.10.28"]
[SourceVersion "1"]
[SourceVersionDate "2011.10.28"]
[SourceQuality "1"]

1. e4 e5 2. Bc4 Nf6 3. d3 Nc6 4. Nc3 Bb4 5. a3 Bxc3+ 6. bxc3 d5 7. exd5 Nxd5 8. Qf3 Be6 9. Ne2 0-0 10. 0-0 Qd7 11. Bd2 Kh8 12. Rfe1 f5 13. Ba2 Rae8 14. Rad1 h6 15. Bc1 Nce7 16. c4 Nf6 17. Qxb7 a5 18. Qb2 Ng6 19. d4 Ne4 20. f3 Ng5 21. dxe5 Qe7 22. Nf4 Nxf4 23. Bxf4 Rb8 24. Qc3 a4 25. Kh1 Kh7 26. Be3 f4 27. Bf2 Kh8 28. Rb1 Rxb1 29. Rxb1 Rd8 30. Re1 Qd7 31. Bc5 Qd2 32. Bb4 Qf2 33. Rg1 Nh3 34. gxh3 c5 35. Bxc5 Qxc5 36. Qe1 Qxa3 37. Qe4 Qxa2 38. Qg6 Rg8 39. Qxe6 Qxc2 40. Qd5 a3 41. e6 a2 42. Qe5 Qxc4 43. e7 Qf7 44. Re1 Re8 45. Qb2 Rxe7 1/2-1/2

[Event "Los Angeles Metropolitan op 1st"]
[Site "Los Angeles"]
[Date "2011.08.19"]
[Round "5"]
[White "Akopyan, Harutyun"]
[Black "Kretchetov, Alexandre"]
[Result "1/2-1/2"]
[WhiteElo "2213"]
[BlackElo "2340"]
[PlyCount "45"]
[EventDate "2011.08.17"]
[EventType "swiss"]
[EventRounds "9"]
[EventCountry "USA"]
[SourceTitle "CBM 144 Extra"]
[Source "ChessBase"]
[SourceDate "2011.10.28"]
[SourceVersion "1"]
[SourceVersionDate "2011.10.28"]
[SourceQuality "1"]

1. e4 e5 2. Nf3 Nc6 3. d4 exd4 4. Nxd4 Bc5 5. Nb3 Bb4+ 6. Bd2 a5 7. Bc4 Nf6 8. 0-0 0-0 9. Bg5 h6 10. Bh4 Ne5 11. Bd3 a4 12. Nd4 Re8 13. c3 Bc5 14. Re1 d5 15. Bb5 c6 16. Bxa4 g5 17. Bg3 dxe4 18. Bxe5 Rxe5 19. Bb3 Qe7 20. Qe2 Bg4 21. Qe3 Nd5 22. Qg3 Bd7 23. Nd2 1/2-1/2

[Event "Los Angeles Metropolitan op 1st"]
[Site "Los Angeles"]
[Date "2011.08.18"]
[Round "2"]
[White "Akopyan, Harutyun"]
[Black "Mateer, Amanda Rae"]
[Result "1-0"]
[WhiteElo "2213"]
[BlackElo "2096"]
[PlyCount "75"]
[EventDate "2011.08.17"]
[EventType "swiss"]
[EventRounds "9"]
[EventCountry "USA"]
[SourceTitle "CBM 144 Extra"]
[Source "ChessBase"]
[SourceDate "2011.10.28"]
[SourceVersion "1"]
[SourceVersionDate "2011.10.28"]
[SourceQuality "1"]

1. e4 c5 2. Nc3 e6 3. f4 a6 4. g3 b5 5. Bg2 Bb7 6. d3 Nf6 7. Nf3 d6 8. 0-0 Be7 9. b3 0-0 10. h3 Qc7 11. g4 Nc6 12. Ne2 Rac8 13. Ng3 Nd7 14. c4 Bf6 15. Rb1 Nd4 16. Nxd4 Bxd4+ 17. Kh1 d5 18. cxd5 exd5 19. Nf5 Bf6 20. e5 Bd8 21. Nd6 Rb8 22. Nxb7 Qxb7 23. Qf3 Nb6 24. f5 Qe7 25. f6 Qe6 26. fxg7 Kxg7 27. Bf4 Rc8 28. g5 Kh8 29. h4 Rc6 30. Rb2 Bc7 31. Bh3 Qg6 32. h5 Qg7 33. Re2 c4 34. bxc4 bxc4 35. d4 Bd8 36. e6 f6 37. gxf6 Bxf6 38. Be5 1-0

[Event "Los Angeles Metropolitan 6th"]
[Site "Los Angeles"]
[Date "2011.06.04"]
[Round "6"]
[White "Steinfl, Alessandro"]
[Black "Akopyan, Harutyun"]
[Result "0-1"]
[WhiteElo "2176"]
[BlackElo "2224"]
[PlyCount "86"]
[EventDate "2011.06.01"]
[EventType "tourn"]
[EventRounds "9"]
[EventCountry "USA"]
[EventCategory "3"]
[SourceTitle "CBM 142 Extra"]
[Source "ChessBase"]
[SourceDate "2011.06.27"]
[SourceVersion "1"]
[SourceVersionDate "2011.06.27"]
[SourceQuality "1"]

1. f4 c5 2. Nf3 d5 3. g3 g6 4. Bg2 Bg7 5. 0-0 Nc6 6. d3 Nh6 7. c3 Qb6 8. e4 Be6 9. f5 gxf5 10. Ng5 0-0-0 11. Nxe6 fxe6 12. Qh5 c4+ 13. d4 Bxd4+ 14. cxd4 Qxd4+ 15. Kh1 Ng4 16. exd5 Nf2+ 17. Rxf2 Qxf2 18. Nd2 Nd4 19. Nf1 Nc2 20. Qf7 Nxa1 21. Qxe6+ Kb8 22. Qe5+ Ka8 23. Be3 Qe1 24. d6 Qb4 25. dxe7 Rde8 26. a3 Qa4 27. Qc7 Qa6 28. Bd4 Rhg8 29. Ne3 Nb3 30. Nxf5 Nxd4 31. Nxd4 Qb6 32. Qd7 c3 33. b4 a5 34. b5 Rc8 35. Be4 Rge8 36. Ne6 c2 37. Bxc2 Qf2 38. Nc7+ Rxc7 39. Qxe8+ Ka7 40. b6+ Kxb6 41. Qb5+ Kxb5 42. e8Q+ Kb6 43. Qe6+ Ka7 0-1